| 000 | 01456cad a2200265 4500 | ||
|---|---|---|---|
| 001 | L158720 | ||
| 008 | 110215n2013 000 0 eng u | ||
| 020 | _a9781783210305 | ||
| 035 | _a(Sirsi) u158720 | ||
| 041 | _aeng | ||
| 100 | 1 | _aHoffman, Daniƫl, J. | |
| 111 | 2 |
_aConstruction and Building Research Conference _cIIT Delhi, New Delhi _d10-12 September 2013 |
|
| 245 | 0 | 0 |
_aCompetitive fee tendering by quantity surveyors in South Africa _bA current perspective _h[electronic resource] |
| 260 |
_aLondon _bRICS _c2013 |
||
| 490 | 0 |
_aCOBRA _v2013 |
|
| 520 | _aA paper presented at the COBRA Conference in New Delhi on 10-12 September 2013. Looks at the extent of discounts being offered by quantity surveyors in South Africa. The study found that the majority of quantity surveyors are offering discounts when tendering to provide quantity surveying services. A minority offers less than 10%, the majority offering up to 30% but some offering more than 50% discount. The study identified discounts that may possibly be unsustainable. The study also revealed that discounts offered to public sector clients tend to exceed discounts offered to private sector clients. | ||
| 650 | 2 | 4 | _aCONSTRUCTION AND BUILDING RESEARCH CONFERENCE (COBRA) |
| 650 | 2 | 4 | _aFEE SCALES |
| 650 | 2 | 4 | _aFEE TENDERING |
| 650 | 2 | 4 | _aQUANTITY SURVEYING SERVICES |
| 651 | 4 | _aSouth Africa | |
| 690 |
_aQuantity surveying _96263 |
||
| 700 | 1 | _aFourie, Stefan | |
| 942 | _n0 | ||
| 999 |
_c115475 _d115475 |
||